000 00825cam a22002411 4500
999 _c127468
_d127468
001 8029575
003 ARRUPE
005 20180124083642.0
008 750718s1968 fr a 000 0 fre
010 _a 68123811
035 _a(OCoLC)1458910
040 _aDLC
_cCtY
_dNN
_dDLC
042 _apremarc
050 0 0 _aREF. DT352.4
_b.D52
245 1 0 _aDictionnaire des civilisations africaines.
_cEdited by Georges Balandier and Jacques Maquet].
260 _aParis,
_bFernand Hazan,
_c1968
300 _a448 p.
_c24 cm.
651 0 _aAfrica, Sub-Saharan
_xCivilization
_vDictionaries.
_938803
700 1 _aMaquet, Jacques Jérôme Pierre,
_d1919-
_938804
906 _a7
_bcbc
_coclcrpl
_du
_encip
_f19
_gy-gencatlg
942 _2lcc
_cMONOGRAPH